000 01002nam a2200301Ia 4500
005 20220317000328.0
008 141031s9999 ck 000 0 spa d
020 _a9789588375540
082 0 4 _a927
_bT67i
100 1 _aIriarte, Patricia
_d1962-
245 1 0 _aTotó
_bnuestra diva descalza
_cPatricia Iriarte
250 _a1a edición
300 _a256 páginas
_bilustraciones
_c21 cm.
490 _aVoces de fuego
500 _aDatos biográficos del autor en la solapa
504 _aIncluye bibliografía
600 1 4 _aTotó la Momposina,
_d1942-
_918756
650 1 4 _2LEMB
_aCantantes colombianos
_vBiografías
650 1 4 _2LEMB
_aFolclor colombiano
700 1 _aCárdenas, Martha,
_eeditor
_918758
700 1 _aCorrea, Hernán Darío,
_d1951-
_eeditor
_918759
942 _2ddc
_cBK
264 _aCartagena de Indias
_bPluma de Mompox
_c2011
336 _atexto
_btxt
_2rdacontent
337 _asin mediación
_bn
_2rdamedia
338 _avolumen
_bnc
_2rdacarrier
040 _aCO-BoRNBP
_bspa
_erda
_cCO-BoRNBP
999 _c3736
_d3736